Flagi Azji - Statystyki

Ogólne statystyki
  • Ten quiz został rozwiązany 74 403 razy
  • Średni wynik to 36 z 48
Statystyki odpowiedzi
Obrazkowy Odpowiedź % Poprawnych
Chiny
100%
Izrael
95%
Japonia
95%
Korea Południowa
95%
Cypr
93%
Indie
93%
Turcja
92%
Wietnam
91%
Arabia Saudyjska
88%
Kazachstan
87%
Indonezja
86%
Nepal
86%
Bangladesz
84%
Gruzja
84%
Iran
83%
Katar
82%
Korea Północna
82%
Pakistan
81%
Armenia
78%
Filipiny
78%
Liban
77%
Singapur
77%
Bhutan
76%
Irak
76%
Sri Lanka
75%
Azerbejdżan
74%
Tajlandia
74%
Malezja
73%
Mongolia
70%
Kambodża
69%
Laos
69%
Syria
69%
Zjednoczone Emiraty Arabskie
69%
Kirgistan
67%
Uzbekistan
66%
Turkmenistan
65%
Tajwan
64%
Bahrajn
61%
Jemen
61%
Mjanma
60%
Oman
57%
Jordania
56%
Kuwejt
56%
Malediwy
55%
Afganistan
54%
Timor Wschodni
52%
Tadżykistan
51%
Brunei
50%
Nie znaleziono quizów pasujących do podanych kryteriów
Rozkład punktacji
Procent ludzi z każdym wynikiem
Percentyl według liczby udzielonych odpowiedzi
Twoja historia wyników
Nie rozwiązałeś tego quizu